|
|
|
|
| LEADER |
02461nam a22004092a 4500 |
| 001 |
000675161 |
| 003 |
CZ BrMZK |
| 005 |
20150804140336.0 |
| 007 |
ta |
| 008 |
030625s1974 gw f 000 0 eng d |
| 020 |
|
|
|q (Váz.)
|
| 040 |
|
|
|a ABA001
|b cze
|c BOA001
|
| 041 |
0 |
|
|a eng
|b ger
|
| 080 |
|
|
|a 5(083)
|2 MRF
|
| 245 |
0 |
0 |
|a Kern- und Teilchenphysik /
|c K.A. Keller, J. Lange, H. Münzel ; herausgegeben von H. Schopper. Band 5,Q-Werte und Anregungsfunktionen von Kernreaktionen. Teil c,Abschätzung von unbekannten Anregungsfunktionen und Dicke-Target-Ausbeuten für p-, d-, 3He- und ά-Reaktionen = Nuclear physics and technology. Volume 5,Q-values and excitation functions of nuclear reactions. Part c,Estimation of unknown excitation functions and thick target yields for p, d, 3He and ά reactions
|
| 246 |
3 |
1 |
|a Q-Werte und Anregungsfunktionen von Kernreaktionen
|
| 246 |
3 |
1 |
|a Abschätzung von unbekannten Anregungsfunktionen und Dicke-Target-Ausbeuten für p-, d-, 3He- und ά-Reaktionen
|
| 246 |
3 |
0 |
|a Q-values and excitation functions of nuclear reactions
|
| 246 |
3 |
0 |
|a Estimation of unknown excitation functions and thick target yields for p, d, 3He and ά reactions
|
| 246 |
3 |
|
|a Nuclear physics and technology.
|p Q-values and excitation functions of nuclear reactions
|
| 246 |
3 |
|
|a Nuclear physics and technology.
|p Estimation of unknown excitation functions and thick target yields for p, d, 3He and ά reactions
|
| 260 |
|
|
|a Berlin :
|b Springer,
|c 1974
|
| 300 |
|
|
|a 257 s. ;
|c 28 cm
|
| 490 |
1 |
|
|a Zahlenwerte und Funktionen aus Naturwissenschaften und Technik. Gruppe 1, Numerical data and functional relationships in science and technology ;
|v Bd. 5
|
| 500 |
|
|
|a Doprovodný text anglicky, úvod též souběžně německy
|
| 504 |
|
|
|a Obsahuje bibliografii
|
| 700 |
1 |
|
|a Münzel, H.
|4 com
|
| 700 |
1 |
|
|a Schopper, Herwig,
|d 1924-2025
|7 mzk2010473829
|4 edt
|
| 700 |
1 |
|
|a Hellwege, Karl-Heinz,
|d 1910-1999
|7 jx20041012005
|4 edt
|
| 700 |
1 |
|
|a Landolt, Hans,
|d 1831-1910
|7 jn20011018751
|4 ant
|
| 700 |
1 |
|
|a Börnstein, Richard,
|d 1852-1913
|7 jn20011018021
|4 ant
|
| 700 |
1 |
|
|a Keller, K. A.
|7 mzk2015881413
|4 com
|
| 700 |
1 |
|
|a Lange, J.
|4 com
|
| 830 |
|
0 |
|a Zahlenwerte und Funktionen aus Naturwissenschaften und Technik.
|p Numerical data and functional relationships in science and technology
|
| 910 |
|
|
|a BOA001
|b TK-A-0148.427,1/5c
|
| 990 |
|
|
|a BK
|
| 996 |
6 |
|
|b 2629978650
|c TK-A-0148.427,1/5c
|l MZK
|r STM 6p
|n 0
|h 5 LAN
|w 000675161
|u 000010
|a 0
|e BOA001
|j MZK50
|s P
|